IFM Opac

High School English Grammar & Composition (Record no. 22122)

MARC details
000 -LEADER
fixed length control field 00349nam a22001337a 4500
020 ## - INTERNATIONAL STANDARD BOOK NUMBER
ISBN 978-93-58701-55-5
082 ## - DEWEY DECIMAL CLASSIFICATION NUMBER
Classification number 425
100 ## - MAIN ENTRY--AUTHOR NAME
Personal name Wren, P.C.
245 ## - TITLE STATEMENT
Title High School English Grammar & Composition
250 ## - EDITION STATEMENT
Edition statement Multicolour
260 ## - PUBLICATION, DISTRIBUTION, ETC. (IMPRINT)
Place of publication New Delhi:
Name of publisher Vikas Publishing House Private Limited,
Year of publication 2024
300 ## - PHYSICAL DESCRIPTION
Number of Pages 420p.: ill.; 26cm
942 ## - ADDED ENTRY ELEMENTS (KOHA)
Koha item type Books
Holdings
Withdrawn status Lost status Damaged status Not for loan Collection code Permanent Location Current Location Shelving location Date acquired Source of acquisition Full call number Accession Number Price effective from Koha item type
        Non-fiction IFM Main Campus Library IFM Main Campus Library Work Room processing 01/08/2026 Purchased 425 WRE 0000030250 01/08/2026 Books
        Non-fiction IFM Main Campus Library IFM Main Campus Library Work Room processing 01/08/2026 Purchased 425 WRE 0000030249 01/08/2026 Books
        Non-fiction IFM Main Campus Library IFM Main Campus Library Work Room processing 01/08/2026 Purchased 425 WRE 0000030251 01/08/2026 Books